Geographically weighted regression the analysis of spatially varying relationships (Record no. 101865)
[ view plain ]
| 000 -LEADER | |
|---|---|
| fixed length control field | 01241cam a2200277 4500 |
| 008 - FIXED-LENGTH DATA ELEMENTS--GENERAL INFORMATION | |
| fixed length control field | 020125n2002 000 0 eng u |
| 020 ## - INTERNATIONAL STANDARD BOOK NUMBER | |
| -- | 0471496162 |
| 035 ## - SYSTEM CONTROL NUMBER | |
| System control number | (Sirsi) u116482 |
| 041 ## - LANGUAGE CODE | |
| Language code of text/sound track or separate title | eng. |
| 050 ## - LIBRARY OF CONGRESS CALL NUMBER | |
| Classification number | 333.70285 |
| -- | 18 |
| 100 ## - MAIN ENTRY--PERSONAL NAME | |
| Personal name | Fotherington, S. |
| 245 ## - TITLE STATEMENT | |
| Title | Geographically weighted regression the analysis of spatially varying relationships |
| 260 ## - PUBLICATION, DISTRIBUTION, ETC. | |
| Place of publication, distribution, etc. | Chichester |
| Name of publisher, distributor, etc. | Wiley |
| Date of publication, distribution, etc. | 2002 |
| 300 ## - PHYSICAL DESCRIPTION | |
| Extent | xii, 269p. |
| Other physical details | ill. |
| Dimensions | 26cm. |
| 350 ## - PRICE (NR) (BK AM CF MU VM SE) [OBSOLETE] | |
| Price | 50.00 |
| 520 ## - SUMMARY, ETC. | |
| Summary, etc. | Contains a broad discussion of local models in general and of the details of Geographically Weighted Regression (GWR), and provides many empirical examples on such issues as house price determinants, educational attainment levels and school performance statistics. Reveals how traditional methods of statistics can be extended to show the importance of place. The text should serve as a useful resource for quantitative spatial analysts and GIS researchers and students. |
| 650 ## - SUBJECT ADDED ENTRY--TOPICAL TERM | |
| Topical term or geographic name entry element | SPATIAL ANALYSIS |
| 650 ## - SUBJECT ADDED ENTRY--TOPICAL TERM | |
| Topical term or geographic name entry element | SPATIAL DATA |
| 650 ## - SUBJECT ADDED ENTRY--TOPICAL TERM | |
| Topical term or geographic name entry element | MODELLING |
| 650 ## - SUBJECT ADDED ENTRY--TOPICAL TERM | |
| Topical term or geographic name entry element | GEOGRAPHICALLY WEIGHTED REGRESSION |
| 650 ## - SUBJECT ADDED ENTRY--TOPICAL TERM | |
| Topical term or geographic name entry element | STATISTICAL TECHNIQUES |
| 690 ## - LOCAL SUBJECT ADDED ENTRY--TOPICAL TERM (OCLC, RLIN) | |
| Topical term or geographic name as entry element | MAPPING AND MEASUREMENT-GIS |
| 700 ## - ADDED ENTRY--PERSONAL NAME | |
| Personal name | Brundson, C. |
| 700 ## - ADDED ENTRY--PERSONAL NAME | |
| Personal name | Charlton, M. |
| 942 ## - ADDED ENTRY ELEMENTS (KOHA) | |
| Suppress in OPAC | 0 |
| Withdrawn status | Lost status | Source of classification or shelving scheme | Damaged status | Not for loan | Home library | Current library | Shelving location | Date acquired | Cost, normal purchase price | Total Checkouts | Full call number | Barcode | Date last seen | Copy number | Cost, replacement price | Price effective from | Koha item type |
|---|---|---|---|---|---|---|---|---|---|---|---|---|---|---|---|---|---|
| Dewey Decimal Classification | London | London | Books | 21/11/2002 | 42.50 | 333.70285 FOT | 30068233 | 06/08/2019 | 1 | 42.50 | 06/08/2019 | Book |